| 000 | 01041nam a2200313 i 4500 | ||
|---|---|---|---|
| 001 | 000022948 | ||
| 003 | DO-SdBNP | ||
| 005 | 20240123124206.0 | ||
| 007 | ta | ||
| 008 | 101123s1981 mx a r 001 0 spa d | ||
| 020 | _a9682404207 | ||
| 040 |
_aDO-SdBNP _bspa _cBNPHU _erda |
||
| 049 | _aBNGR | ||
| 082 | 4 |
_a616.89 _bS243p _222 |
|
| 100 | 1 |
_aSarason, Irwin G. _947184 _eautor |
|
| 245 | 1 | 0 |
_aPsicología anormal : _blos problemas de la conducta desadaptada / _cIrwin G. Sarason ; traducción, Roberth Helier. |
| 250 | _a4a reimp. | ||
| 264 |
_aMéxico, D. F. : _bTrillas, _c1981. |
||
| 300 |
_a615 páginas : _bilustraciones ; _c26 cm. |
||
| 336 |
_2rdacontent _atexto _btxt |
||
| 337 |
_2rdamedia _asin mediación _bn |
||
| 338 |
_2rdacarrier _avolumen _bnc |
||
| 500 | _aIncluye glosario de términos, índice de nombres e índice de materias. | ||
| 504 | _aBibliografía : p. 513-561 | ||
| 650 | 4 |
_aPsicopatología _9672 |
|
| 650 | 4 |
_aTrastornos mentales _918252 |
|
| 700 | 1 |
_aHelier, Robert, _etraductor _947185 |
|
| 942 |
_2ddc _cLBS1 |
||
| 999 |
_c22445 _d22445 |
||